000 00464nam a22001817a 4500
003 OSt
005 20140310184527.0
008 131022t xxu||||| |||| 00| 0 eng d
020 _a043968912
050 _aPZ 7
_b.G618 2004
100 _aGolden, Lilly
_928995
245 _aLeader of the pack /
_cLilly Golden.
260 _aNew York :
_bScholastic,
_c2004.
300 _a16 p. :
_bcol. ill. ;
_c19 cm.
521 _aG2
526 _c370
942 _2lcc
_cBK-SCHOLAS
999 _c35155
_d35155